000 00305nam a22001217a 4500
040 _cSK
082 _a338
100 _aច័ន្ទ សារុន
245 _aបច្ចេកទេសចិញ្ចឹមជ្រូក
260 _aRUA
_bច័ន្ទ
_c2011
300 _a41p.
942 _cKB
999 _c10218
_d10218